[Event "Detroit (MI Op/2/33)"]
[Site "?"]
[Date "1990.??.??"]
[Round "?"]
[White "Bee, A."]
[Black "Wysocki, Jason"]
[Result "0-1"]
[WhiteElo "1875"]
[BlackElo "2110"]
[PlyCount "98"]
[EventDate "1990.??.??"]

{2/(33)} 1. d4 f5 2. Nf3 Nf6 3. c4 e6 4. Nc3 Be7 5. Bg5 d5 6. e3 O-O 7. Be2 c6
8. O-O Nbd7 9. c5 a5 10. a3 h6 11. Bf4 Nh5 12. Be5 g6 13. b4 Kh7 14. b5 Ng7 15.
Rb1 g5 16. bxc6 bxc6 17. h3 Qe8 18. Bxg7 Kxg7 19. Nd2 e5 20. Bh5 Qd8 21. Na4 e4
22. Be2 f4 23. exf4 gxf4 24. Nb6 Nxb6 25. Rxb6 f3 26. Bxf3 exf3 27. Nxf3 Qe8
28. Ne5 Rf6 29. f4 Qf8 30. Qh5 Bxc5 31. Rb3 Bxd4+ 32. Kh2 Bxe5 33. Qxe5 Ra7 34.
Rg3+ Kh7 35. Qd4 Re7 36. Rb3 Ba6 37. Rff3 Bc4 38. Rb8 Qxb8 39. Qxf6 Qe8 40. Rg3
Qf7 41. Qxc6 d4 42. f5 Bd5 43. Qd6 Rd7 44. Qb8 Be4 45. f6 Bg6 46. Qc8 d3 47.
Re3 d2 48. Re8 Qxe8 49. Qxe8 Bxe8 0-1

[Event "Lansing (Mini-Swiss.1/1)"]
[Site "?"]
[Date "1990.??.??"]
[Round "?"]
[White "Baze, Lineas"]
[Black "Noren, Kevin"]
[Result "0-1"]
[WhiteElo "2085"]
[BlackElo "2215"]
[PlyCount "60"]
[EventDate "1990.??.??"]

{1/(1)} 1. e4 e6 2. d4 d5 3. Nc3 Bb4 4. e5 c5 5. a3 Bxc3+ 6. bxc3 Ne7 7. Qg4
O-O 8. Nf3 Nbc6 9. Bd3 f5 10. Qf4 Qa5 11. O-O c4 12. Be2 Qxc3 13. Ra2 Ng6 14.
Qg3 Nxd4 15. Nxd4 Qxd4 16. Bb2 Qe4 17. Bd1 f4 18. Qg5 d4 19. a4 Bd7 20. Bf3
Qxc2 21. Rfa1 Rf5 22. Qg4 Nxe5 23. Qh4 Nxf3+ 24. gxf3 Rf6 25. Bxd4 Rg6+ 26. Kh1
Qd3 27. Qxf4 Rf8 28. Qe3 Rxf3 29. Qe5 Bc6 30. h4 Rh3# 0-1

[Event "Lansing (Mini-Swiss.1/3)"]
[Site "?"]
[Date "1990.??.??"]
[Round "?"]
[White "Baze, Lineas"]
[Black "Gabbara, Faris"]
[Result "1/2-1/2"]
[WhiteElo "2080"]
[BlackElo "2095"]
[PlyCount "114"]
[EventDate "1990.??.??"]

{1/(3)} 1. e4 e5 2. Nf3 Nf6 3. d4 Nxe4 4. Nxe5 d5 5. Bd3 Bd6 6. O-O O-O 7. c4
c6 8. Nc3 Nxc3 9. bxc3 Nd7 10. cxd5 Nxe5 11. dxe5 Bxe5 12. Qh5 f5 13. Ba3 Rf6
14. Qe2 Qc7 15. f4 Bd6 16. Bxd6 Qxd6 17. dxc6 Qxc6 18. Bb5 Qc5+ 19. Kh1 Be6 20.
Rac1 a6 21. Bd3 Bd5 22. c4 Bc6 23. Qe5 Qa3 24. Qc3 Qd6 25. Qc2 Raf8 26. c5 Qc7
27. Rce1 Kh8 28. Re5 Qd7 29. Rfe1 Rg6 30. R1e2 Rd8 31. Bxf5 Qd1+ 32. Qxd1 Rxd1+
33. Re1 Rxg2 34. Re8+ Bxe8 35. Rxd1 Re2 36. Rd8 Kg8 37. Bd7 Kf8 38. Rb8 Re7 39.
Bxe8 Rxe8 40. Rxb7 Re2 41. Ra7 Rxa2 42. h4 Rc2 43. Rxa6 Rxc5 44. Kg2 Rc3 45.
Ra7 Re3 46. Rb7 h6 47. Ra7 Kg8 48. Rb7 Kh7 49. Ra7 Kg6 50. Rb7 Kf6 51. Ra7 Rb3
52. Ra5 g6 53. Rc5 Ke6 54. h5 gxh5 55. Rxh5 Kf6 56. Rxh6+ Kf5 57. Rh4 Ra3
1/2-1/2

[Event "Lansing (Apr)"]
[Site "?"]
[Date "1990.??.??"]
[Round "?"]
[White "Baze, Lineas"]
[Black "Gabbara, Faris"]
[Result "1-0"]
[WhiteElo "2055"]
[BlackElo "2075"]
[PlyCount "77"]
[EventDate "1990.??.??"]

1. e4 e5 2. Nf3 Nf6 3. d4 Nxe4 4. Nxe5 d5 5. Be2 Bd6 6. O-O O-O 7. Nd2 Nxd2 8.
Bxd2 Re8 9. Bf4 Bf5 10. Bh5 g6 11. Bf3 c6 12. Bg3 f6 13. Nd3 Bxg3 14. hxg3 Qb6
15. c3 Qb5 16. Nb4 a5 17. a4 Qc4 18. Nc2 Bd3 19. Na3 Qa6 20. Re1 Nd7 21. Qd2
Kg7 22. Re3 Rxe3 23. Qxe3 Rf8 24. Re1 g5 25. Bg4 Rf7 26. Qe8 Nf8 27. Re7 Bg6
28. Bc8 Qa8 29. Qd8 Qb8 30. Re8 b6 31. c4 Be4 32. cxd5 Bxd5 33. Nc2 b5 34. Ne3
Be6 35. Rxe6 Nxe6 36. Nf5+ Kg6 37. Qg8+ Ng7 38. Nxg7 Qa7 39. Nf5+ 1-0

[Event "Lansing (Mini-Swiss.1/3)"]
[Site "?"]
[Date "1990.??.??"]
[Round "?"]
[White "Baze, Lineas"]
[Black "Czuhai, Kevin"]
[Result "1-0"]
[WhiteElo "2070"]
[BlackElo "2290"]
[PlyCount "79"]
[EventDate "1990.??.??"]

{1/(3)} 1. e4 c5 2. Nf3 d6 3. d4 cxd4 4. Nxd4 Nf6 5. Nc3 g6 6. Be3 Bg7 7. f3
Nc6 8. Bc4 O-O 9. Qd2 Bd7 10. g4 Rc8 11. Bb3 Ne5 12. h4 Qa5 13. h5 Bxg4 14.
fxg4 Rxc3 15. Qxc3 Qxc3+ 16. bxc3 Nexg4 17. hxg6 hxg6 18. Bd2 Nxe4 19. Rh4 Nef2
20. Ne6 Rc8 21. Nxg7 Kxg7 22. Be3 Nxe3 23. Kxf2 Nf5 24. Rh3 e6 25. Rah1 b5 26.
a4 a6 27. axb5 axb5 28. Ra1 Rc5 29. Ra7 Re5 30. Rb7 g5 31. Rh5 Kf6 32. Rh7 Ng7
33. Rh6+ Kf5 34. Rxf7+ Kg4 35. Rxg7 Rf5+ 36. Kg2 d5 37. Rxe6 Kf4 38. Re1 Kg4
39. Rd1 b4 40. cxb4 1-0

[Event "Lansing (Apr)"]
[Site "?"]
[Date "1990.??.??"]
[Round "?"]
[White "Baze, Lineas"]
[Black "Bohley, D."]
[Result "1-0"]
[WhiteElo "2055"]
[BlackElo "2000"]
[PlyCount "67"]
[EventDate "1990.??.??"]

1. e4 e5 2. Nf3 Nc6 3. Bc4 Be7 4. d4 exd4 5. Nxd4 d6 6. Nxc6 bxc6 7. O-O Nf6 8.
Bd3 O-O 9. f3 Nd7 10. Nc3 Bf6 11. Bd2 Ne5 12. Be2 Ng6 13. Qe1 Re8 14. Nd1 Rb8
15. c3 d5 16. Bd3 Ne5 17. Bc2 Ba6 18. Rf2 Bd3 19. Ba4 dxe4 20. fxe4 Qd7 21. Bc1
Bb5 22. Bxb5 Rxb5 23. Rd2 Qg4 24. Qg3 Qxe4 25. Rd4 Qg6 26. Qxg6 hxg6 27. Re4
Kf8 28. a4 Rd5 29. Be3 a6 30. c4 Rd3 31. Bc5+ Kg8 32. Nf2 Rdd8 33. Rae1 Kh7 34.
Ng4 1-0

[Event "Flint (Class DEU/3)"]
[Site "?"]
[Date "1990.??.??"]
[Round "?"]
[White "Bates, E."]
[Black "Vangilder, W."]
[Result "1-0"]
[WhiteElo "1605"]
[BlackElo "1605"]
[PlyCount "61"]
[EventDate "1990.??.??"]

1. e4 e5 2. Nf3 Nc6 3. Nc3 Bb4 4. a3 Bxc3 5. bxc3 a6 6. d4 d6 7. Bc4 Nf6 8. O-O
Nxe4 9. Qd3 Bf5 10. Bd5 Ne7 11. Bxe4 Qc8 12. Nh4 Be6 13. Rb1 c6 14. dxe5 d5 15.
Bf3 O-O 16. Bg5 Ng6 17. Nxg6 fxg6 18. Be7 Rf7 19. Bd6 Qd7 20. Rb4 Re8 21. Rh4
Bf5 22. Qd4 Qd8 23. g3 Bxc2 24. Re1 Rxf3 25. Rf4 Rd3 26. Qb4 h6 27. e6 a5 28.
Qxb7 Qxd6 29. Qf7+ Kh8 30. Qxe8+ Kh7 31. Rf8 1-0

[Event "Flint (Class DEU/4)"]
[Site "?"]
[Date "1990.??.??"]
[Round "?"]
[White "Bates, E."]
[Black "Redding, T."]
[Result "1-0"]
[WhiteElo "1605"]
[BlackElo "1605"]
[PlyCount "56"]
[EventDate "1990.??.??"]

1. e4 e5 2. Nf3 Nc6 3. d3 Bc5 4. Qe2 d6 5. g3 Bg4 6. Bg2 Nd4 7. Qd1 Nf6 8. Nbd2
Qd7 9. O-O O-O 10. c3 Ne6 11. b4 Bb6 12. Nc4 Qc6 13. Nxb6 cxb6 14. Bd2 Ng5 15.
Bxg5 Qxc3 16. Bd2 Qxd3 17. Rc1 Nxe4 18. Rc2 h6 19. h3 Be6 20. Re1 Bb3 21. Bf1
Bxc2 22. Bxd3 Bxd1 23. Bxe4 Ba4 24. Nh4 Bd7 25. Kh2 Rac8 26. Bf5 Rc2 27. Bxc2
Bb5 28. Nf5 Re8 1-0

[Event "Lansing (Feb)"]
[Site "?"]
[Date "1990.??.??"]
[Round "?"]
[White "Bates, E."]
[Black "Lenning, B."]
[Result "0-1"]
[WhiteElo "1605"]
[BlackElo "1605"]
[PlyCount "98"]
[EventDate "1990.??.??"]

1. e4 c6 2. d4 d5 3. Bd3 dxe4 4. Bxe4 Nf6 5. Nc3 e6 6. a3 Be7 7. Bf4 O-O 8.
Nge2 Nbd7 9. O-O Nxe4 10. Nxe4 Nf6 11. N4g3 b6 12. Nc3 Bb7 13. Nce4 c5 14.
Nxf6+ Bxf6 15. Nh5 Bxd4 16. Qg4 g6 17. Ng3 Bxb2 18. Rad1 Qf6 19. Bg5 Qc3 20.
Ne4 Qxc2 21. Nf6+ Bxf6 22. Bxf6 Qf5 23. Qh4 Qe4 24. f3 Qxh4 25. Bxh4 c4 26. Bf6
Bd5 27. Rfe1 b5 28. Re5 a5 29. h4 b4 30. a4 c3 31. Rg5 c2 32. Rc1 b3 33. h5
Rab8 34. hxg6 fxg6 35. Be5 b2 36. Bxb2 Rxb2 37. Kh2 Rfb8 38. Kg3 Bb3 39. Rc5
Bxa4 40. Kf4 Rb1 41. R1xc2 Bxc2 42. Rxc2 R1b2 43. Rc6 Rxg2 44. Ke5 Ra8 45. Kxe6
a4 46. Rc1 a3 47. Ra1 a2 48. f4 Rb2 49. Kf6 Rb1 0-1

[Event "Lansing (Apr)"]
[Site "?"]
[Date "1990.??.??"]
[Round "?"]
[White "Bates, E."]
[Black "Bohnhorst, B."]
[Result "1-0"]
[WhiteElo "1605"]
[BlackElo "1605"]
[PlyCount "121"]
[EventDate "1990.??.??"]

1. e4 c6 2. d4 d5 3. e5 Bf5 4. Nf3 e6 5. c4 Bxb1 6. Rxb1 Qa5+ 7. Bd2 Qxa2 8.
cxd5 Qxd5 9. b3 Qd8 10. Bd3 Ne7 11. O-O Nd5 12. Ng5 g6 13. Qf3 Qe7 14. Rbc1 Nd7
15. b4 b5 16. Rxc6 Nxb4 17. Bxb4 Qxg5 18. Bd6 Bxd6 19. exd6 O-O 20. Rc7 Rfd8
21. Be4 Rab8 22. Rxa7 Nf6 23. d7 Nxd7 24. Bc6 Nf6 25. d5 exd5 26. Qe2 d4 27.
Qe7 Rf8 28. g3 b4 29. Rd1 Rbc8 30. Ba4 Rc1 31. Kg2 Rxd1 32. Bxd1 Qd5+ 33. Bf3
Qe6 34. Qxb4 Rd8 35. Qb7 Rd7 36. Qc8+ Kg7 37. Ra8 Qe7 38. Qh8+ Kh6 39. h4 d3
40. g4 g5 41. hxg5+ Kxg5 42. Qg7+ Kf4 43. Qh6+ Ke5 44. Qe3+ Kd6 45. Qb6+ Ke5
46. Ra5+ Rd5 47. Qe3+ Kd6 48. Qb6+ Ke5 49. Qe3+ Kd6 50. Qf4+ Qe5 51. Qb4+ Rc5
52. Qb6+ Ke7 53. Ra7+ Kf8 54. Qd8+ Kg7 55. Qxd3 Rc1 56. Qb3 Rc7 57. Ra8 Qc3 58.
Qd1 Rd7 59. Qh1 Rd3 60. g5 Ng8 61. Be4 1-0

[Event "Detroit (MI Op/6/1)"]
[Site "?"]
[Date "1990.??.??"]
[Round "?"]
[White "Basin, Leonid"]
[Black "Tsemekhman, Vadim"]
[Result "1/2-1/2"]
[WhiteElo "2450"]
[BlackElo "2350"]
[PlyCount "105"]
[EventDate "1990.??.??"]

{6/(1)} 1. d4 c5 2. d5 Nf6 3. c4 g6 4. Nc3 d6 5. e4 Bg7 6. Be2 O-O 7. Bg5 e6 8.
Qd2 exd5 9. exd5 Re8 10. Nf3 Bg4 11. O-O Bxf3 12. Bxf3 Nbd7 13. Rfe1 Qb6 14.
Qc2 a6 15. Bd2 Qc7 16. a4 Rxe1+ 17. Rxe1 Re8 18. Rd1 Nf8 19. a5 N6d7 20. Be2 f5
21. Bf1 Nf6 22. h3 N8d7 23. Qa4 Kf7 24. Re1 Rxe1 25. Bxe1 Qd8 26. Qb3 Qc7 27.
Ne2 Bh6 28. f3 Nh5 29. g3 Ne5 30. f4 Nd7 31. Qf3 Nhf6 32. g4 fxg4 33. hxg4 Bf8
34. Bc3 Qd8 35. Ng3 Kg8 36. g5 Ne8 37. Bh3 Bg7 38. Bxg7 Nxg7 39. Ne4 Nf8 40.
Nf6+ Kf7 41. f5 gxf5 42. Bxf5 Nxf5 43. Qxf5 Kg7 44. Ne4 Qxa5 45. Qf6+ Kg8 46.
Nxd6 Qe1+ 47. Kg2 Qe2+ 48. Kg3 Qe3+ 49. Kg4 h5+ 50. gxh6 Qg1+ 51. Kh5 Qh2+ 52.
Kg5 Qg3+ 53. Kh5 1/2-1/2

[Event "Detroit (MCO/4/2)"]
[Site "?"]
[Date "1990.??.??"]
[Round "?"]
[White "Basin, Leonid"]
[Black "Rogers, Bradley"]
[Result "1-0"]
[WhiteElo "2510"]
[BlackElo "2160"]
[PlyCount "55"]
[EventDate "1990.??.??"]

{4/(2)} 1. d4 Nf6 2. c4 c5 3. d5 g6 4. Nc3 Bg7 5. e4 d6 6. Nf3 O-O 7. h3 e6 8.
Bd3 exd5 9. cxd5 Re8 10. O-O c4 11. Bc2 b5 12. a3 a6 13. Nd4 Nfd7 14. Be3 Bb7
15. Qd2 Nc5 16. Rae1 Nbd7 17. f4 Nf6 18. Bf2 Qc7 19. Nf3 Rad8 20. Bd4 Nh5 21.
Bxg7 Nxg7 22. f5 Nd7 23. Qh6 Nf8 24. Ng5 f6 25. fxg6 hxg6 26. Rxf6 Re5 27.
Rxf8+ Kxf8 28. Qh8+ 1-0

[Event "Detroit (MI Op/2/1)"]
[Site "?"]
[Date "1990.??.??"]
[Round "?"]
[White "Basin, Leonid"]
[Black "Fuller, William"]
[Result "1-0"]
[WhiteElo "2450"]
[BlackElo "2065"]
[PlyCount "109"]
[EventDate "1990.??.??"]

{2/(1)} 1. e4 c5 2. d4 cxd4 3. c3 dxc3 4. Nxc3 e6 5. Nf3 Nc6 6. Bc4 a6 7. a4
Qc7 8. O-O Nf6 9. Qe2 d6 10. Bf4 Be7 11. Rfd1 e5 12. Be3 O-O 13. Rac1 Bg4 14.
h3 Bh5 15. Bb3 Qd7 16. Bb6 Bd8 17. Bc5 Nd4 18. Bxd4 exd4 19. Rxd4 Bb6 20. Rd3
Qe7 21. Re1 Rfe8 22. Qd2 Bg6 23. Nd5 Nxd5 24. Bxd5 Rac8 25. a5 Ba7 26. Rb3 Rc7
27. Rc1 Bc5 28. Rc4 Rec8 29. Qe2 Kf8 30. Rbc3 b5 31. axb6 Bxb6 32. Rxc7 Rxc7
33. Qxa6 Rxc3 34. bxc3 Qc7 35. Nd4 Bxd4 36. cxd4 Qc1+ 37. Qf1 Qd2 38. Qb1 Qxd4
39. Qb8+ Ke7 40. Qc7+ Kf6 41. Qxd6+ Kg5 42. Qg3+ Kf6 43. Qf4+ Ke7 44. h4 Kd7
45. g4 h5 46. g5 f5 47. Qc1 Qa4 48. Qc3 Be8 49. Qxg7+ Kd6 50. Qf8+ Kc7 51. Qxf5
Qd1+ 52. Kh2 Bd7 53. Qe5+ Kd8 54. g6 Qf3 55. Qg3 1-0

[Event "Detroit (RVO/1)"]
[Site "?"]
[Date "1990.??.??"]
[Round "?"]
[White "Basin, Leonid"]
[Black "Fiedler, Robert"]
[Result "1-0"]
[WhiteElo "2510"]
[BlackElo "1750"]
[PlyCount "61"]
[EventDate "1990.??.??"]

1. c4 e5 2. Nc3 Nc6 3. g3 Nf6 4. Bg2 Be7 5. Nf3 O-O 6. O-O d6 7. d4 exd4 8.
Nxd4 Ne5 9. b3 c6 10. Bb2 c5 11. Nc2 Nc6 12. h3 Be6 13. e4 a6 14. f4 Qc7 15.
Qd2 Rad8 16. Nd5 Bxd5 17. cxd5 Nb8 18. e5 Nfd7 19. Rae1 Rfe8 20. Ne3 dxe5 21.
Nf5 Bf6 22. d6 Qb6 23. fxe5 Bxe5 24. Ne7+ Kh8 25. Rxe5 Nxe5 26. Bxe5 Nd7 27.
Bxg7+ Kxg7 28. Qg5+ Kh8 29. Rxf7 c4+ 30. Kh2 Qd4 31. Ng6+ 1-0

[Event "Detroit (RVO/3)"]
[Site "?"]
[Date "1990.??.??"]
[Round "?"]
[White "Basin, Leonid"]
[Black "Eagle, Chris"]
[Result "1/2-1/2"]
[WhiteElo "2510"]
[BlackElo "2100"]
[PlyCount "102"]
[EventDate "1990.??.??"]

1. c4 Nf6 2. d4 g6 3. Nc3 Bg7 4. e4 d6 5. Be2 O-O 6. Nf3 e5 7. O-O Nc6 8. d5
Ne7 9. Nd2 Nd7 10. Rb1 f5 11. b4 Nf6 12. c5 fxe4 13. Ndxe4 Nxe4 14. Nxe4 Bf5
15. f3 dxc5 16. Bc4 b5 17. Bxb5 Qxd5 18. Qxd5+ Nxd5 19. Bc4 c6 20. b5 Kh8 21.
bxc6 Nb4 22. c7 Rac8 23. a3 Nc6 24. Be3 Rxc7 25. Bxc5 Rd8 26. Rbc1 Nd4 27. Nd6
Bf8 28. Nf7+ Rxf7 29. Bxd4 Re7 30. Ba1 Bg7 31. g4 Bc8 32. Rcd1 Rf8 33. Bd5 h6
34. Be4 Kh7 35. Bc3 Rd7 36. Rxd7 Bxd7 37. Rd1 Be8 38. Bb4 Rf7 39. Rd8 Bb5 40.
h4 Rd7 41. Ra8 Bd3 42. Bc5 Bxe4 43. fxe4 Bf6 44. h5 gxh5 45. gxh5 Be7 46. Bxa7
Bxa3 47. Be3 Rg7+ 48. Kf2 Be7 49. Re8 Bh4+ 50. Kf3 Rg3+ 51. Ke2 Bg5 1/2-1/2

[Event "Detroit (MOR/7/44)"]
[Site "?"]
[Date "1990.??.??"]
[Round "?"]
[White "Bannister, K."]
[Black "Warren, S."]
[Result "1-0"]
[WhiteElo "1605"]
[BlackElo "1605"]
[PlyCount "71"]
[EventDate "1990.??.??"]

{7/(44)} 1. e4 e6 2. Nf3 d5 3. Nc3 c5 4. exd5 exd5 5. Qe2+ Be7 6. Qe5 Nf6 7.
Ng5 O-O 8. Qe2 Nc6 9. Qd1 Re8 10. Be2 Bd6 11. Nf3 Bg4 12. d3 d4 13. Nb5 Nd5 14.
h3 Bxf3 15. gxf3 Qh4 16. Nxd6 Re6 17. Ne4 Ne3 18. Bxe3 dxe3 19. Rf1 Rg6 20. c3
Qxh3 21. Qc2 b5 22. O-O-O b4 23. b3 bxc3 24. Qxc3 Nd4 25. Qb2 Nxf3 26. Rh1 Qf5
27. fxe3 Ng5 28. Rhf1 Qd5 29. Bh5 Rc6 30. Nxg5 Qxg5 31. Bxf7+ Kh8 32. Qd2 Qe5
33. Kb1 Rd8 34. Bc4 h5 35. Rg1 a5 36. Qxa5 1-0

[Event "Detroit (MOR/2/47)"]
[Site "?"]
[Date "1990.??.??"]
[Round "?"]
[White "Bannister, K."]
[Black "Thomas, Willie"]
[Result "0-1"]
[WhiteElo "1605"]
[BlackElo "1605"]
[PlyCount "132"]
[EventDate "1990.??.??"]

{2/(47)} 1. e4 e5 2. Nf3 Nc6 3. d4 exd4 4. Nxd4 Bc5 5. Nxc6 Qf6 6. Qe2 Qxc6 7.
Be3 Bxe3 8. Qxe3 Qxc2 9. Nc3 Qxb2 10. Qc1 Qxc1+ 11. Rxc1 c6 12. Bc4 Nf6 13. O-O
O-O 14. f3 Rd8 15. Rfd1 d6 16. e5 Ne8 17. Bb3 d5 18. Ne2 f6 19. f4 Bg4 20. Re1
fxe5 21. fxe5 Nc7 22. Rc3 Re8 23. Re3 Re6 24. h3 Bxe2 25. R1xe2 Rae8 26. Bc2
Na8 27. Bf5 R6e7 28. e6 g6 29. Rg3 Kh8 30. Bg4 h5 31. Bf3 Rxe6 32. Rxe6 Rxe6
33. Rg5 Nb6 34. Kh2 d4 35. Bd1 d3 36. Kg3 Kg7 37. Kh4 Re4+ 38. g4 hxg4 39. hxg4
Re1 40. Bb3 d2 41. Bc2 d1=Q 42. Bxd1 Rxd1 43. Re5 Kf6 44. Re8 Rd3 45. Rg8 Kf7
46. Rh8 Rd2 47. Kg5 Rd5+ 48. Kh6 Nd7 49. Rh7+ Ke8 50. Rh8+ Ke7 51. Kxg6 Ne5+
52. Kg7 Nxg4 53. Rh7 Nf6 54. Rh1 Rg5+ 55. Kh6 Rh5+ 56. Rxh5 Nxh5 57. Kxh5 c5
58. Kg4 Kd6 59. Kf3 Kd5 60. Ke2 c4 61. Kd1 Kd4 62. Kc2 c3 63. a3 a5 64. Kb3 Kd3
65. a4 c2 66. Kb2 Kd2 0-1

[Event "Detroit (MOR/4/61)"]
[Site "?"]
[Date "1990.??.??"]
[Round "?"]
[White "Bannister, K."]
[Black "Carpenter, T."]
[Result "1-0"]
[WhiteElo "1605"]
[BlackElo "1605"]
[PlyCount "51"]
[EventDate "1990.??.??"]

{4/(61)} 1. e4 e5 2. Nf3 Nc6 3. Bc4 Nf6 4. Nc3 Bc5 5. Nd5 Nxe4 6. Ne3 d6 7. c3
O-O 8. d4 exd4 9. cxd4 Bb4+ 10. Kf1 Qf6 11. Nd5 Qd8 12. Qa4 Bd7 13. Nxb4 Nxd4
14. Qd1 c5 15. Nxd4 cxb4 16. Nb5 Qf6 17. f3 Rac8 18. Qd3 Bf5 19. Kg1 Rfe8 20.
Be3 Qxb2 21. Rb1 Nf2 22. Qxf5 Rxe3 23. Rxb2 Nxh1 24. Rc2 Rxc4 25. Qc8+ Rxc8 26.
Rxc8+ 1-0

[Event "Detroit (MI Op/2/32)"]
[Site "?"]
[Date "1990.??.??"]
[Round "?"]
[White "Ball, Ed"]
[Black "Wilson, Vester"]
[Result "0-1"]
[WhiteElo "1885"]
[BlackElo "2140"]
[PlyCount "86"]
[EventDate "1990.??.??"]

{2/(32)} 1. e4 e5 2. f4 exf4 3. Bc4 Be7 4. Nf3 Bh4+ 5. Kf1 Be7 6. Nc3 d6 7. d4
g5 8. h4 g4 9. Bxf4 gxf3 10. Qxf3 Be6 11. d5 Bc8 12. e5 h5 13. e6 f6 14. Qe4
Kf8 15. Rh3 c6 16. Rg3 Qe8 17. Kg1 b5 18. Nxb5 cxb5 19. Bxb5 Bd7 20. exd7 Nxd7
21. Qf5 Rd8 22. Re1 Nh6 23. Bxh6+ Rxh6 24. Qe6 Rh8 25. Rge3 Rh7 26. Qf5 Rg7 27.
Bxd7 Rxd7 28. Rxe7 Rdxe7 29. Qxf6+ Kg8 30. Rxe7 Qxe7 31. Qxe7 Rxe7 32. Kf2 Re5
33. c4 Re4 34. b3 Rxh4 35. Ke3 Kf7 36. Kd3 Rh2 37. b4 Rxg2 38. c5 h4 39. c6 h3
40. c7 Rg8 41. a4 h2 42. Kc4 h1=Q 43. b5 Qe4+ 0-1

[Event "Lansing (MI Am/1/13)"]
[Site "?"]
[Date "1990.??.??"]
[Round "?"]
[White "Ball, Ed"]
[Black "Thibeault, T."]
[Result "1-0"]
[WhiteElo "1915"]
[BlackElo "1605"]
[PlyCount "77"]
[EventDate "1990.??.??"]

{1/(13)} 1. d4 d5 2. e3 Nf6 3. Bd3 Nc6 4. c3 e5 5. Nd2 Bd6 6. Ne2 Bd7 7. O-O
Qe7 8. Re1 O-O-O 9. Nf1 e4 10. Bb5 h5 11. a4 a6 12. Bxc6 Bxc6 13. b4 Ng4 14. h3
Nxf2 15. Kxf2 Qh4+ 16. Kg1 g5 17. Ba3 g4 18. b5 Be8 19. Bxd6 Rxd6 20. bxa6 bxa6
21. Nf4 gxh3 22. Nxh3 Bd7 23. Nf4 Bg4 24. Qb3 Rg8 25. Rab1 Kd7 26. a5 Bf3 27.
Qc2 Qg4 28. Nh2 Qg3 29. Nxf3 Qxf3 30. Qf2 Qg4 31. Qe2 Rh6 32. Qxg4+ Rxg4 33.
Nxd5 c6 34. Nf4 h4 35. Rb7+ Ke8 36. Rb8+ Ke7 37. Reb1 h3 38. R1b7+ Kd6 39. Rd8#
1-0

[Event "Detroit (MI Op/4/45)"]
[Site "?"]
[Date "1990.??.??"]
[Round "?"]
[White "Ball, Ed"]
[Black "Roberts, Kenneth"]
[Result "1-0"]
[WhiteElo "1885"]
[BlackElo "1790"]
[PlyCount "73"]
[EventDate "1990.??.??"]

{4/(45)} 1. e4 e6 2. d4 d5 3. exd5 exd5 4. Bd3 Bd6 5. Be3 Nf6 6. Nd2 O-O 7. Qe2
Nc6 8. O-O-O Re8 9. c3 Nb8 10. f3 c5 11. dxc5 Bxc5 12. Nf1 Qc7 13. Kb1 Nc6 14.
Qd2 Ne7 15. g4 Kh8 16. Bc2 Bxe3 17. Nxe3 Qf4 18. h3 g6 19. Ne2 Qh6 20. f4 Qg7
21. Ng3 Bd7 22. f5 g5 23. h4 Bc6 24. hxg5 Qxg5 25. Qd4 Kg8 26. Nh5 Nd7 27. Nf4
Nf6 28. Nh3 Qg7 29. g5 Ne4 30. f6 Qf8 31. fxe7 Qxe7 32. Nxd5 Bxd5 33. Qxd5 Ng3
34. Qd3 Qe3 35. Qxh7+ Kf8 36. Qh6+ Kg8 37. Bh7+ 1-0

[Event "Lansing (MI Am/5/19)"]
[Site "?"]
[Date "1990.??.??"]
[Round "?"]
[White "Ball, Ed"]
[Black "Motley, Gerald"]
[Result "1-0"]
[WhiteElo "1915"]
[BlackElo "1605"]
[PlyCount "111"]
[EventDate "1990.??.??"]

{5/(19)} 1. e4 e5 2. Bc4 Bc5 3. Nf3 d6 4. Nc3 h6 5. d3 Nf6 6. h3 Nc6 7. Qe2 Bd7
8. Be3 Bb4 9. a3 Bxc3+ 10. bxc3 a6 11. O-O O-O 12. Kh2 Qe7 13. Rg1 Be6 14. Bxe6
fxe6 15. g4 g5 16. h4 Nh7 17. hxg5 Nxg5 18. Nxg5 hxg5 19. Rg3 Rf7 20. Rh1 Rh7+
21. Kg1 Rxh1+ 22. Kxh1 Kg7 23. Rh3 Rh8 24. Qf1 Nd8 25. Rxh8 Kxh8 26. Qh3+ Kg8
27. Kg2 Qg7 28. Qh5 Nf7 29. Kf1 Qh7 30. Qxh7+ Kxh7 31. Ke2 c6 32. Kd2 d5 33. f3
Kg6 34. Bc5 Kf6 35. Kc1 b5 36. Kb2 Nd8 37. c4 Nb7 38. cxb5 axb5 39. Bf2 d4 40.
Kb3 Ke7 41. Be1 Kd7 42. Bd2 Nc5+ 43. Kb4 Na6+ 44. Ka5 Nc7 45. Bxg5 Ne8 46. Bh4
Kd6 47. g5 Ng7 48. g6 Nh5 49. Kb6 Ng7 50. Bf6 Nh5 51. Bg5 Kd7 52. Bh6 Kd6 53.
Bf8+ Kd7 54. Kc5 Nf6 55. Bg7 Nh5 56. Bxe5 1-0

[Event "Detroit (MI Op/6/36)"]
[Site "?"]
[Date "1990.??.??"]
[Round "?"]
[White "Ball, Ed"]
[Black "Mikus, Jim"]
[Result "1-0"]
[WhiteElo "1885"]
[BlackElo "1800"]
[PlyCount "93"]
[EventDate "1990.??.??"]

{6/(36)} 1. e4 c6 2. d4 d5 3. exd5 cxd5 4. c4 Nf6 5. Nc3 Nc6 6. Nf3 Bg4 7. Be2
e6 8. c5 a6 9. O-O Be7 10. Bf4 O-O 11. Re1 b6 12. Qa4 b5 13. Qd1 Bf5 14. Bd3
Bxd3 15. Qxd3 h6 16. Ne5 Nxe5 17. Bxe5 Qd7 18. b4 Nh7 19. Reb1 f6 20. Bg3 Ra7
21. a4 bxa4 22. Rxa4 Rfa8 23. Rba1 Qb7 24. Kf1 Ng5 25. f4 Ne4 26. Nxe4 dxe4 27.
Qc4 Qc6 28. f5 Kf7 29. fxe6+ Qxe6 30. d5 Qf5+ 31. Ke1 Kg6 32. d6 Bd8 33. Rxa6
Rxa6 34. Rxa6 Rxa6 35. Qxa6 e3 36. Qb7 Qd3 37. Qf3 Qd2+ 38. Kf1 f5 39. Qe2 Bg5
40. Qxd2 exd2 41. Ke2 Kf7 42. Be5 g6 43. Bc3 Bd8 44. Bxd2 g5 45. Kd3 Ke6 46.
Kc4 h5 47. b5 1-0

[Event "Lansing (MI Am/3/4)"]
[Site "?"]
[Date "1990.??.??"]
[Round "?"]
[White "Ball, Ed"]
[Black "Arganian, David H"]
[Result "0-1"]
[WhiteElo "1915"]
[BlackElo "1855"]
[PlyCount "118"]
[EventDate "1990.??.??"]

{3/(4)} 1. d4 Nf6 2. e3 g6 3. Bd3 Bg7 4. Ne2 O-O 5. Nd2 d5 6. c3 Nbd7 7. Ng3 e5
8. O-O e4 9. Be2 Re8 10. f3 h5 11. f4 Nf8 12. Nh1 Bg4 13. Nf2 Bxe2 14. Qxe2 Qd7
15. Kh1 c6 16. Rg1 N8h7 17. g4 hxg4 18. Nxg4 Nxg4 19. Qxg4 Qxg4 20. Rxg4 Nf6
21. Rg2 Kf8 22. Nf1 Nh5 23. Bd2 Ke7 24. Ng3 Nxg3+ 25. Rxg3 Bf6 26. Rg2 Rh8 27.
b4 Ke6 28. a4 a6 29. Be1 Kf5 30. Rb1 b5 31. Ra1 Rhb8 32. Rga2 Rb6 33. h3 Rh8
34. Kh2 g5 35. fxg5 Bxg5 36. Bf2 Ke6 37. axb5 axb5 38. Ra6 Rxa6 39. Rxa6 Rc8
40. h4 Bh6 41. Kh3 f5 42. Kg3 Rg8+ 43. Kh3 Rc8 44. Kg2 f4 45. exf4 Bxf4 46. Kf1
Bd2 47. Be1 Bxe1 48. Kxe1 Kf5 49. Ke2 Kg4 50. Ke3 Kxh4 51. Kf4 Rf8+ 52. Ke5 e3
53. Ra1 Kg3 54. Kd6 Rf6+ 55. Ke5 Rh6 56. c4 bxc4 57. b5 Rh5+ 58. Kd6 cxb5 59.
Kc5 e2 0-1

[Event "Detroit (MI Op/6/14)"]
[Site "?"]
[Date "1990.??.??"]
[Round "?"]
[White "Balkany, A."]
[Black "Wysocki, Jason"]
[Result "0-1"]
[WhiteElo "1955"]
[BlackElo "2110"]
[PlyCount "44"]
[EventDate "1990.??.??"]

{6/(14)} 1. Nc3 g6 2. d4 Bg7 3. e4 c6 4. Be3 d5 5. e5 h5 6. Bd3 Nh6 7. Qd2 Nf5
8. Nf3 O-O 9. O-O-O b5 10. h3 Qa5 11. Kb1 b4 12. Ne2 c5 13. dxc5 Nc6 14. Bxf5
Bxf5 15. Bh6 b3 16. axb3 Nb4 17. Qf4 Bxc2+ 18. Kc1 Qa1+ 19. Kd2 Qxb2 20. Bxg7
Bxd1+ 21. Kxd1 Qc2+ 22. Ke1 Nd3+ 0-1

[Event "Detroit (MI Op/4/32)"]
[Site "?"]
[Date "1990.??.??"]
[Round "?"]
[White "Balkany, A."]
[Black "Kung, Fred"]
[Result "1-0"]
[WhiteElo "1955"]
[BlackElo "1870"]
[PlyCount "47"]
[EventDate "1990.??.??"]

{4/(32)} 1. Nc3 d5 2. d4 Nf6 3. e4 dxe4 4. f3 exf3 5. Nxf3 Bg4 6. h3 Bh5 7. g4
Bg6 8. Ne5 Nbd7 9. Qf3 c6 10. Bg5 Nxe5 11. dxe5 Nd5 12. Nxd5 cxd5 13. O-O-O Qc7
14. Bb5+ Kd8 15. Rxd5+ Kc8 16. Qf2 Be4 17. Rc5 Bxh1 18. Rxc7+ Kxc7 19. Qc5+ Bc6
20. e6 fxe6 21. Bc4 Kd7 22. Bf4 Rd8 23. Bxe6+ Kxe6 24. Qf5# 1-0

[Event "Detroit (MI Op/2/39)"]
[Site "?"]
[Date "1990.??.??"]
[Round "?"]
[White "Balkany, A."]
[Black "Croel, Duane"]
[Result "0-1"]
[WhiteElo "1955"]
[BlackElo "1830"]
[PlyCount "104"]
[EventDate "1990.??.??"]

{2/(39)} 1. d4 Nf6 2. e3 d5 3. Bd3 g6 4. f4 Bg7 5. Nf3 O-O 6. Nbd2 Bf5 7. O-O
Nbd7 8. Ne5 c5 9. Rf3 Bxd3 10. cxd3 cxd4 11. exd4 Qb6 12. Nb3 a5 13. Be3 a4 14.
Nc5 Nxc5 15. dxc5 Qxb2 16. Rb1 Qxa2 17. Rf2 Qa3 18. Rxb7 e6 19. Rfb2 Nd7 20.
Nxd7 Bxb2 21. Nxf8 Kxf8 22. Qb1 Bc3 23. c6 Qd6 24. c7 Rc8 25. Bb6 Ba5 26. d4
Bxb6 27. Rxb6 Qxc7 28. Qb4+ Kg7 29. Ra6 Qc4 30. Rxa4 Qxb4 31. Rxb4 Rc4 32. Rxc4
dxc4 33. Kf2 Kf6 34. g4 g5 35. f5 exf5 36. gxf5 Kxf5 37. Ke3 c3 38. Kd3 c2 39.
Kxc2 Ke4 40. d5 Kxd5 41. Kd3 f5 42. Ke3 Ke5 43. Kf3 h5 44. Kg3 Ke4 45. Kf2 f4
46. Ke2 g4 47. Kf2 h4 48. Ke2 g3 49. h3 f3+ 50. Kf1 Ke3 51. Kg1 Ke2 52. Kh1 f2
0-1